| 000 | 00992cam a2200325 i 4500 | ||
|---|---|---|---|
| 001 | 200444925 | ||
| 999 |
_c200444925 _d63137 |
||
| 003 | TR-AnTOB | ||
| 005 | 20240824073710.0 | ||
| 007 | ta | ||
| 008 | 730524s1972 fr b 000 0 eng | ||
| 010 | _a 73160376 | ||
| 015 | _aF*** | ||
| 040 |
_aDLC _beng _erda _cDLC _dICU _dDLC _dTR-AnTOB |
||
| 041 | 0 | _aeng | |
| 050 | 0 | 4 |
_aTA404.2 _b.O74 1972 |
| 090 |
_aTA404.2 _b.O74 1972 |
||
| 110 | 2 |
_aOrganisation for Economic Co-operation and Development _933753 |
|
| 245 | 1 | 0 |
_aProblems and prospects of fundamental research in multi-disciplinary fields : _bmaterials. |
| 264 | 1 |
_a[Paris : _bOrganisation for Economic Co-operation and Development, _c1972] |
|
| 300 |
_a63 pages ; _c24 cm |
||
| 336 |
_atext _btxt _2rdacontent |
||
| 337 |
_aunmediated _bn _2rdamedia |
||
| 338 |
_avolume _bnc _2rdacarrier |
||
| 490 | 0 | _aScience policy studies | |
| 504 | _aBIB | ||
| 650 | 0 |
_aMaterials _xResearch _923686 |
|
| 942 |
_2lcc _cBK |
||